000 01806cam a22005174i 4500
003 PE-LiUPU
005 20250731165554.0
008 150616s r 000 0 d
035 _a(Sirsi) a3510
035 _a(Sirsi) a3510
040 _aPE-LiUPU
_bspa
_cPE-LiUPU
_erda
049 _aPRUA
082 0 4 _a220.7
_bJ24
_221
245 0 2 _aA commentary critical, experimental and practical in the Old and New Testaments.
_n3 /
_cRobert Jaminson, A. R. Fausset, David Brown.
264 1 _aGrand Rapids, Michigan :
_bWM. B. Eerdmans Publishing Co.,
_c1945.
300 _a767 páginas ;
_c24 cm.
336 _atext
_2rdacontent
337 _aunmediated
_2rdamedia
338 _avolume
_2rdacarrier
505 0 _aJob -- Isaiah.
526 _aSEG44
526 _aSEG26
526 _aP151
526 _aP150
526 _aP149
526 _aP146
526 _aP145
526 _aP126
526 _aP125
526 _aP92
526 _aP75
526 _aP74
526 _aP27
526 _aP15
630 _aBiblia.
_pA.T.
_pJob-Isaías
_xComentarios.
700 1 _aJamieson, Robert,
_eeditor.
700 1 _aFausset, A. R.,
_eeditor.
700 1 _aBrown, David,
_eeditor.
910 _ajck
_bjvq
_cjck
942 _2ddc
_cBOOK
949 _aRC 220.7 J24 3
_wDEWEY
_c1
_i02053
_lRC
_mBUL
_r0
_sY
_tBOOK
_u2015-4-23
_xTEOLOGIA
_zUNKNOWN
_0COMPRA
_o.CIRCNOTE. No olvidar cambiar la fecha de devolución!!!!!!!
_o.STAFF. Colección General
994 _aC0
_bPEPRU
596 _a1
999 _aRC 220.7 J24 3
_wDEWEY
_c43030
_i02053
_d43030
_f2021-11-8
_g6
_lCCODEBUL1
_mBUL
_q3
_r1
_sY
_tBOOK
_u2015-4-23
_xTEOLOGIA
_zUNKNOWN
_0COMPRA
_o.CIRCNOTE. No olvidar cambiar la fecha de devolución!!!!!!!
_o.STAFF. Colección General
980 _81
_gALBERTO SANCHEZ Responsable de Automatización